Funeral Blues Quiz Stats

 Plays Quiz Updated Mar 31, 2020

     
Support Sporcle.
Go Orange.
Score 0/137 Timer 05:00
1 Play Today
% Correct
the
94.6%
the
94.6%
the
94.6%
the
94.6%
the
94.6%
the
94.6%
the
94.6%
the
94.6%
the
94.6%
the
94.6%
the
94.6%
The
94.6%
the
94.6%
the
94.6%
the
94.6%
the
94.6%
a
84.3%
and
77.9%
and
77.9%
and
77.9%
and
77.9%
and
77.9%
I
76.6%
I
76.6%
He
71.6%
He
71.6%
all
69.4%
of
68%
Is
67.7%
my
63.3%
my
63.3%
my
63.2%
My
63.2%
my
63.2%
My
63.2%
my
63.2%
my
63.2%
my
63.2%
Stop
62.7%
for
62.5%
For
62.5%
on
61.6%
from
61.5%
was
61.2%
was
61.1%
clocks,
61%
% Correct
to
61%
with
58.2%
with
58.2%
Dead.
56.7%
not
56.2%
dog
55.4%
bone.
52.9%
ever:
52%
ever
52%
can
50.8%
love
50.7%
juicy
50.3%
sun;
50%
come.
49.4%
come
49.4%
barking
49%
out
49%
that
49%
out
49%
are
48.6%
off
48.2%
East
47.5%
now:
47.4%
now
47.3%
North,
47.2%
West.
47.1%
South,
46.9%
telephone,
46.3%
let
44.1%
Let
44.1%
let
44.1%
prevent
43.5%
Put
42.5%
put
42.5%
Sunday
41.9%
good.
41.8%
rest.
41.7%
would
41.7%
any
41.6%
one;
41.4%
up
41.3%
up
41.2%
nothing
40.5%
moon
40.1%
last
39.9%
mourners
38.8%
% Correct
stars
38.3%
every
38.3%
cut
38.1%
black
37.9%
thought
37.8%
Silence
37.6%
wrong.
37.4%
sky
36.4%
week
36.2%
drum
35.7%
coffin,
34.9%
gloves.
34.2%
working
34.1%
bring
33.7%
muffled
33.1%
wanted
32.8%
doves,
32.5%
wear
32.2%
policemen
31.4%
traffic
31.2%
white
31%
song;
30.8%
message
30.5%
cotton
30.2%
airplanes
29.1%
away
29.1%
overhead
29%
necks
28.9%
dismantle
28.8%
public
28.5%
wood.
28.5%
crepe
28.2%
pianos
27.9%
circle
27.4%
Pack
27.4%
bows
27.3%
noon,
26.6%
scribbling
26.5%
midnight,
26%
sweep
25.8%
ocean
25.7%
round
25.6%
moaning
25.1%
talk,
24.9%
Pour
23.4%

From the Vault

1950s Celebrity Field Guide

by beisaa

Featuring at least one Monégasque princess.
Remove Ads.
Support Sporcle.
Get the best of Sporcle when you Go Orange. This ad-free experience offers more features, more stats, and more fun while also helping to support Sporcle. Thank you for becoming a member.

Show Comments

Extras

Top Quizzes Today


Score Distribution

Your Account Isn't Verified!

In order to create a playlist on Sporcle, you need to verify the email address you used during registration. Go to your Sporcle Settings to finish the process.

Report this User

Report this user for behavior that violates our Community Guidelines.

Details: